1391 1142 1954 1203 1852 1908 1169 1461 1487 1598 1940 1234 1204 1405 1847 1701 1316 1927 1838 1682 1773 1963 1923 1294 1126 1961 1492 1180 1465 1598 1844 1550 1142 1430 1607 1668 1701 1321 1053 1032 1508 1246 1187 1696 1012 1965 1593 1015 1991 1714 1556 1978 1012 1879 1915 1246 1904 1423 1920 1743 1412 1788 1221 1740 1247 1811 1836 1060 1087 1914 1851 1426 1652 1845 1967 1503 1295 1384 1093 1729 1577 1144 1327 1260 1143 1417 1332 1748 1692 1555 1180 1037 1348 1993 1545 1782 1259 1534 1130 BCNSPRNW ULIB Ver.6.0+V

เปลี่ยนเป็นภาษาไทย

Change to English
 แสดงรายละเอียดบรรณานุกรม
  กลับหน้าหลัก

Brief Record : Get Marc (ISO 2709) : E-mail record : QR code < ปิดหน้าต่าง
LEADER : 00000nam 2200000uu 4500
001    13399124755
003     ULIB
008    160217s2551||||th 000 0 tha d
060  4 WY100^bร297ก
100 0  รังศิมา วงษ์สุทิน
245 00 การรักษาพยาบาลเบื้อนต้นปัญหาทางอายุรกรรมที่พบบ่อย /^cรังศิมา วงษ์สุทิน
260    นครสวรรค์ : ^bวิทยาลัยพยาบาลบรมราชชนนี สวรรค์ประชารักษ์ นครสวรรค์,^c2551
300    167 หน้า
650  7 การรักษาพยาบาลเบื้องต้น
650  7 อายุรกรรม
945    ^p0^l0^i000315
999    ^aเกษร โพธิ์สุวรรณ
รายการนี้ยังไม่มีแท็ก
คุณยังไม่ได้ล็อกอิน คุณสามารถมีกิจกรรมร่วมกับเว็บไซต์ได้ แต่ต้องล็อกอินก่อน ::
  ล็อกอิน

รายการสื่อสารสนเทศ

ลำดับที่ ประเภท เลขเรียก/บาร์โค้ด สถานที่ สถานะ
1. Book การพยาบาล
หนังสือสำรอง
สถานะ=หนังสือสำรอง
WY100 ร297ก ฉ.1 
  Barcode: 000315
ห้องสมุดวิทยาเขตสวรรค์ประชารักษ์
►หนังสือทั่วไป
บนชั้น

รายการใกล้เคียง
    หัวเรื่อง [การรักษาพยาบาลเบื้องต้น]
    หัวเรื่อง [อายุรกรรม]

BibComment


ยังไม่เคยถูกคอมเมนท์

คอมเมนท์ทรัพยากรรายการนี้
  คอมเมนท์: การรักษาพยาบาลเบื..


 Copyright 2026. Bcnsprnw @Library